| 000 | 01088nam a2200253 a 4500 | ||
|---|---|---|---|
| 001 | 64769 | ||
| 003 | BD-RjUL | ||
| 005 | 20211209081340.0 | ||
| 008 | 170220s1999 bg a|||| |||| 00| 0 eng d | ||
| 020 |
_a9844651980 _cTk.130.00 |
||
| 035 | _a(BD-RjUL)64899 | ||
| 040 |
_aBD-RjUL _bben/eng _cBD-RjUL _dBD-RjUL |
||
| 041 | _aben | ||
| 082 |
_223 _a954.9205 _bQUE 1999 |
||
| 100 | 1 |
_aকাদের, মোহাম্মাদ নুরুল _9192028 |
|
| 245 | 1 | 0 |
_aএকাত্তর আমার / _cমোহাম্মাদ নুরুল কাদের ; অনুলিখন: মোস্তফা হুসেইন |
| 260 |
_aঢাকা : _bসাহিত্য প্রকাশ, _c১৯৯৯ |
||
| 300 |
_a২০৭. : _bচিত্র. ; _c২২ সেমি. |
||
| 500 | _aনির্ঘন্ট সংযুক্ত | ||
| 651 |
_aবাংলাদেশ _xইতিহাস _y১৯৭১ _9192029 |
||
| 651 |
_aBangladesh _xHistory _y1971 _9192030 |
||
| 700 |
_aহুসেইন, মোস্তফা, অনুলেখক _9192031 |
||
| 942 |
_2ddc _cBK |
||
| 999 |
_c64769 _d64769 |
||